|
|
|
|
| LEADER |
00000cam a2200000 7i4500 |
| 001 |
0000007819 |
| 002 |
000008390 |
| 005 |
20000330.0 |
| 020 |
|
|
|a 9836235574
|
| 090 |
0 |
0 |
|a 297.122
|b SYA
|
| 100 |
1 |
|
|a Syalabiy, Saad Ismail
|
| 245 |
1 |
0 |
|a Nabi Nuh dan kaumnya
|c Saad Ismail Syalabiy ; penterjemah oleh Norrizah Mohd Salleh
|
| 260 |
|
|
|a Cairo :
|b Dar Al-FIkir Al-Arabi ,
|c 1993
|
| 300 |
|
|
|a 25p. :
|b ill. ;
|c 23cm.
|
| 490 |
0 |
|
|a Siri pendidikan Al Quran untuk kanak-kanak
|
| 650 |
0 |
0 |
|a Islamic stories, Malay
|
| 700 |
1 |
|
|a Norrizah Mohd Salleh ,
|e penterjemah
|
| 999 |
|
|
|a 039936
|b BUKU
|c PINJAMAN
|e PERPUSTAKAAN KOMUNITI PETALING JAYA
|
| 999 |
|
|
|a 039937
|b BUKU
|c PINJAMAN
|e PERPUSTAKAAN KOMUNITI PETALING JAYA
|
| 999 |
|
|
|a 054740
|b BUKU
|c JUNIOR BOOKS
|e PERPUSTAKAAN KOMUNITI CAW KOTA DAMANSARA
|